| 000 | 02283nam0a2200433 4500 | ||
|---|---|---|---|
| 001 | RU\NLR\BIBL_A\012371953 | ||
| 005 | 20250809113227.0 | ||
| 020 |
_aRU _9Ленинград в Великой Отечественной войне. Коллекция. Призывы |
||
| 035 | _a(NLR Aleph) 012371953 | ||
| 090 |
_a65740 _c65740 |
||
| 100 | _a20201008d1944 u y0rusy50 ca | ||
| 101 | 0 | _arus | |
| 102 | _aRU | ||
| 105 | _ay z 000zy | ||
| 135 | _acrcn 024apada | ||
| 181 | 0 |
_ai _baxxe |
|
| 182 | 0 | _an | |
| 200 | 1 |
_a"Нам необходимо полностью ликвидировать последствия хозяйничанья немцев в районах, освобожденных от немецкой оккупации. Это большая, общенародная задача. Мы можем и должны решить эту трудную задачу в короткий срок" (Сталин) _e[призыв] |
|
| 203 |
_aТекст _bвизуальный _cнепосредственный |
||
| 210 |
_a[Ленинград] _cБИ 830. ЛТ УН-9 _d[1944] |
||
| 215 |
_a[1] л. _d29х41 |
||
| 300 | _aЗак. 1298 | ||
| 325 | 1 | _aКопия доступна в Электронной библиотеке РНБ | |
| 606 | 1 |
_aВеликая Отечественная война _z1941 - 1945 _xВоенная пропаганда советская _jЛистовые издания _2nlr-sh2 _3RU\NLR\AUTH\6601662801 |
|
| 686 | 0 | _aЦ35(2)722-442.3 | |
| 700 | 1 |
_aСталин _bИ. В. _f1879-1953 _gИосиф Виссарионович _3RU\NLR\AUTH\773464 |
|
| 852 |
_aNLR _jII Л3-330пр./27/3-16а |
||
| 856 | 0 | _uhttps://vivaldi.nlr.ru/ll000011916/view | |
| 856 | 1 | _uhttps://vivaldi.nlr.ru/ll000011916/cover | |
| 856 | 2 | _uhttps://vivaldi.nlr.ru/ll000011916/text | |
| 942 | _cVISUAL | ||
| 945 | _aРоссийская национальная библиотека | ||
| 980 | _aNB | ||
| 980 | _aBV | ||
| 981 | 3 | 7 |
_a(37) Ленинград в Великой Отечественной войне _b(37) Призывы к населению |